La Ilíada / Homer ; traducción revisada y cotejada con las más modernas ediciones europeas por Montserrat Casamada
Descripción Física:
424 p. ; 18 cm
Colección:
Obras maestras (Editorial Iberia)
Otros Autores:
Casamada Faus, Montserrat, tr. i rev
MARC
| LEADER | 00000nam a2200000Ia 4500 | ||
|---|---|---|---|
| 001 | 13902 | ||
| 008 | 160829s1952 xx 000 0 cat d | ||
| 080 | |a L-1-389 | ||
| 100 | |a Homer |9 22862 | ||
| 245 | |a La Ilíada / Homer ; traducción revisada y cotejada con las más modernas ediciones europeas por Montserrat Casamada | ||
| 260 | |a Barcelona : |b Iberia, |c 1952 | ||
| 300 | |a 424 p. ; |c 18 cm | ||
| 490 | |a Obras maestras (Editorial Iberia) | ||
| 700 | |a Casamada Faus, Montserrat, tr. i rev. |9 22863 | ||
| 901 | |a Arxiu | ||
| 942 | |n 1 | ||
| 952 | |0 0 |1 0 |4 0 |6 L1389 |7 1 |9 42361 |a Arxiu |b Arxiu |d 2016-12-01 |l 0 |o L-1-389 |p 13902 |r 2016-12-01 00:00:00 |w 2016-12-01 |y ARXIU | ||
| 999 | |c 44839 |d 44839 | ||